LEADER 01240nam0 22002771i 450 001 RML0293109 005 20231121125737.0 100 $a20121121d1960 ||||0itac50 ba 101 | $aita 102 $ait 181 1$6z01$ai $bxxxe 182 1$6z01$an 200 1 $aCento anni di vita scolastica in Italia$eispezioni e inchieste da Gino Capponi a Giuseppe Lombardo-Radice$fGiacomo Cives 210 $aRoma $cArmando $d©1960 215 $a430 p.$d20 cm 225 | $a˜I œproblemi della pedagogia$c- Roma $eArmando $v55 410 0$1001RML0330450$12001 $a˜I œproblemi della pedagogia$c- Roma $eArmando $v55 700 1$aCives$b, Giacomo$3RMLV177140$0127554 801 3$aIT$bIT-01$c20121121 850 $aIT-FR0017 899 $aBiblioteca umanistica Giorgio Aprea$bFR0017 912 $aRML0293109 950 0$aBiblioteca umanistica Giorgio Aprea$d 52CIS 10/487$e 52VM 0000626965 VM barcode:00048898. - Inventario:2976 MAGVM$fA $h20060808$i20121204$d 52CIS 10/487*$e 52VM 0000626955 VM barcode:00048960. - Inventario:2988 MAGVM$fA $h20060821$i20121204 977 $a 52 996 $aCento anni di vita scolastica in Italia$9273675 997 $aUNICAS LEADER 01133nam0 22002651i 450 001 UON00284733 005 20231205103855.713 100 $a20061201d1984 |0itac50 ba 101 $agre 102 $aGR 105 $a|||| ||||| 200 1 $aTetrakosia grammata tou Kazantzake ston Prebelake$ekai saranta alla Autographa ekdidomena me Scholia, ena Schediasma 'Esoterikes Biografia kai te Chronografia tou Biou tou N. Kazantzake apo ton P. Prevelake 205 $a2. ekd 210 $aAthena$cElene N. Kazantzake$d1984 215 $a87, 753 p., [37] tav.$d21 cm. 620 $aGR$dAtene$3UONL000203 676 $a889$cLetteratura greca moderna$v21 700 1$aKAZANTZAKES$bNikos$3UONV139384$0452565 712 $aKazantzakes$3UONV271355$4650 801 $aIT$bSOL$c20240220$gRICA 899 $aSIBA - SISTEMA BIBLIOTECARIO DI ATENEO$2UONSI 912 $aUON00284733 950 $aSIBA - SISTEMA BIBLIOTECARIO DI ATENEO$dSI GRECO A 1711 $eSI EO 39039 5 1711 996 $aTetrakosia grammata tou Kazantzake ston Prebelake$91245447 997 $aUNIOR